[Event "Rhein Main op-B 25th"]
[Site "Bad Homburg"]
[Date "2023.06.08"]
[Round "2"]
[White "Krombach, Karl Heinz"]
[Black "Rotaermel, Leonie"]
[Result "1-0"]
[WhiteElo "1869"]
[BlackElo "1590"]
[PlyCount "75"]
[EventDate "2023.06.07"]
[EventType "swiss"]
[EventRounds "7"]
[EventCountry "GER"]
[SourceTitle "CBM 215 Extra"]
[Source "ChessBase"]
[SourceDate "2023.09.30"]
[SourceVersion "1"]
[SourceVersionDate "2023.09.30"]
[SourceQuality "1"]

1. d4 d5 2. c4 dxc4 3. Nc3 e6 4. e4 Nf6 5. a3 a6 6. Bxc4 b5 7. Bd3 c5 8. dxc5 Bxc5 9. Nf3 Bb7 10. 0-0 Nbd7 11. h3 Qc7 12. Qe2 0-0 13. Be3 Bxe3 14. Qxe3 Nc5 15. Bc2 Rac8 16. Rac1 Qe7 17. b4 Ncd7 18. Bb1 Qd8 19. Rfd1 Qb6 20. Qe2 Rfd8 21. Na2 Bc6 22. Nd4 Ne5 23. Nxc6 Rxc6 24. Rxd8+ Qxd8 25. Rxc6 Nxc6 26. e5 Nd5 27. Bxh7+ Kxh7 28. Qc2+ g6 29. Qxc6 Nc7 30. Qd6 Qc8 31. Nc3 Ne8 32. Qd4 Qc7 33. a4 Qb7 34. axb5 axb5 35. Ne4 Qc6 36. Nd6 Nxd6 37. exd6 Qd7 38. Qc5 1-0

[Event "Rhein Main op-B 25th"]
[Site "Bad Homburg"]
[Date "2023.06.08"]
[Round "3"]
[White "Meyer Jany, Marcel"]
[Black "Krombach, Karl Heinz"]
[Result "0-1"]
[WhiteElo "1744"]
[BlackElo "1869"]
[PlyCount "70"]
[EventDate "2023.06.07"]
[EventType "swiss"]
[EventRounds "7"]
[EventCountry "GER"]
[SourceTitle "CBM 215 Extra"]
[Source "ChessBase"]
[SourceDate "2023.09.30"]
[SourceVersion "1"]
[SourceVersionDate "2023.09.30"]
[SourceQuality "1"]

1. Nf3 d5 2. d4 Bg4 3. Ne5 Bh5 4. Nd2 e6 5. Ndf3 Nd7 6. Bf4 Bd6 7. Qd2 Ngf6 8. e3 a6 9. Bd3 Qe7 10. h3 Ne4 11. Qe2 Bb4+ 12. Kf1 Bxf3 13. Nxf3 Ndf6 14. Kg1 Bd6 15. g3 Bxf4 16. gxf4 c5 17. dxc5 Nxc5 18. Kh2 g6 19. Rac1 b5 20. Nd4 Rc8 21. Nb3 0-0 22. f3 Qd6 23. Kg2 Nxb3 24. cxb3 d4 25. a4 Nd5 26. Be4 Nxe3+ 27. Kf2 Qxf4 28. axb5 axb5 29. Qxb5 Rxc1 30. Rxc1 Ng4+ 31. hxg4 Qxc1 32. b4 Qxb2+ 33. Kg3 Qc3 34. Qb7 d3 35. Qd7 d2 0-1

[Event "Berlin-ch Seniors op 34th"]
[Site "Berlin"]
[Date "2018.02.08"]
[Round "9"]
[White "Sattler, Guenther"]
[Black "Krombach, Karl Heinz"]
[Result "0-1"]
[WhiteElo "1744"]
[BlackElo "1828"]
[PlyCount "50"]
[EventDate "2018.01.30"]
[EventType "swiss"]
[EventRounds "9"]
[EventCountry "GER"]
[SourceTitle "EXT 2020"]
[Source "ChessBase"]
[SourceDate "2019.10.17"]
[SourceVersion "1"]
[SourceVersionDate "2019.10.17"]
[SourceQuality "1"]

1. Nf3 d5 2. d4 Nf6 3. e3 g6 4. c4 c6 5. a3 Bg7 6. Nc3 0-0 7. Bd3 Nbd7 8. c5 Re8 9. b4 e5 10. dxe5 Nxe5 11. Nxe5 Rxe5 12. Ne2 d4 13. Bb2 dxe3 14. Bxe5 exf2+ 15. Kf1 Ng4 16. Qd2 Bxe5 17. Rd1 Qf6 18. h3 Nh2+ 19. Rxh2 Bxh2 20. Be4 Bc7 21. Bf3 Be6 22. Nd4 Bd5 23. Bxd5 cxd5 24. Nb5 Bg3 25. Qxd5 Re8 0-1

[Event "Berlin-ch Seniors op 34th"]
[Site "Berlin"]
[Date "2018.02.06"]
[Round "7"]
[White "Allgaier, Erik"]
[Black "Krombach, Karl Heinz"]
[Result "1-0"]
[WhiteElo "2030"]
[BlackElo "1828"]
[PlyCount "73"]
[EventDate "2018.01.30"]
[EventType "swiss"]
[EventRounds "9"]
[EventCountry "GER"]
[SourceTitle "EXT 2020"]
[Source "ChessBase"]
[SourceDate "2019.10.17"]
[SourceVersion "1"]
[SourceVersionDate "2019.10.17"]
[SourceQuality "1"]

1. c4 Nf6 2. g3 g6 3. Bg2 Bg7 4. Nc3 c5 5. Nf3 Nc6 6. 0-0 0-0 7. d4 cxd4 8. Nxd4 a6 9. b3 Nxd4 10. Qxd4 d6 11. Bb2 Rb8 12. Nd5 Ne8 13. Qd2 Bxb2 14. Qxb2 Bd7 15. Rfd1 Bc6 16. c5 e6 17. Nc3 Bxg2 18. Kxg2 Qe7 19. cxd6 Nxd6 20. Rxd6 Qxd6 21. Ne4 Qc6 22. f3 f6 23. Nxf6+ Rxf6 24. Qxf6 Rf8 25. Qe5 Rf5 26. Qe3 Qd5 27. Qc1 Rf8 28. Qc2 b5 29. Rd1 Qe5 30. b4 Rf7 31. Rd2 Rc7 32. Rd8+ Kf7 33. Qd2 Kf6 34. Ra8 Re7 35. Rxa6 g5 36. a4 bxa4 37. Ra5 1-0

[Event "Berlin-ch Seniors op 34th"]
[Site "Berlin"]
[Date "2018.01.30"]
[Round "1"]
[White "Gmerek, Henning"]
[Black "Krombach, Karl Heinz"]
[Result "0-1"]
[WhiteElo "1529"]
[BlackElo "1828"]
[PlyCount "92"]
[EventDate "2018.01.30"]
[EventType "swiss"]
[EventRounds "9"]
[EventCountry "GER"]
[SourceTitle "EXT 2020"]
[Source "ChessBase"]
[SourceDate "2019.10.17"]
[SourceVersion "1"]
[SourceVersionDate "2019.10.17"]
[SourceQuality "1"]

1. d4 Nf6 2. c4 g6 3. Nf3 Bg7 4. e3 0-0 5. Be2 c6 6. Nc3 d5 7. 0-0 Re8 8. b4 dxc4 9. Bxc4 Nbd7 10. Bb2 Nb6 11. Be2 Nbd5 12. b5 Qa5 13. Qa4 Qxa4 14. Nxa4 cxb5 15. Bxb5 Bd7 16. Bxd7 Nxd7 17. Rfc1 Rac8 18. Rxc8 Rxc8 19. Rc1 Rxc1+ 20. Bxc1 b5 21. Nb2 Nc3 22. Bd2 Nxa2 23. Kf1 e6 24. Ke2 Bf8 25. Nd3 Bd6 26. g3 b4 27. Kd1 a5 28. Nfe5 Nb6 29. Nc6 Nc4 30. Be1 Bc7 31. Kc2 Nd6 32. Kb3 Nc3 33. Bxc3 bxc3 34. f3 Nf5 35. e4 Ne3 36. Kxc3 Nf1 37. Kb3 Nxh2 38. Ne1 Bxg3 39. Ng2 Nxf3 40. d5 Nd2+ 41. Ka4 Nxe4 42. Kxa5 h5 43. dxe6 fxe6 44. Nd4 Kf7 45. Nf3 g5 46. Ne3 g4 0-1

[Event "GER-chT Betriebe 17th"]
[Site "Berlin"]
[Date "2017.11.05"]
[Round "7.4"]
[White "Fernengel, Rudolf"]
[Black "Krombach, Karl Heinz"]
[Result "1/2-1/2"]
[WhiteElo "1789"]
[BlackElo "1828"]
[PlyCount "82"]
[EventDate "2017.11.02"]
[EventType "team-swiss"]
[EventRounds "7"]
[EventCountry "GER"]
[SourceTitle "EXT 2020"]
[Source "ChessBase"]
[SourceDate "2019.10.17"]
[SourceVersion "1"]
[SourceVersionDate "2019.10.17"]
[SourceQuality "1"]
[WhiteTeam "Frankfurt/M Deutsche Bahn/BSW"]
[BlackTeam "Berlin Vattenfall"]
[WhiteTeamCountry "GER"]
[BlackTeamCountry "GER"]

1. d4 Nf6 2. c4 g6 3. Nc3 Bg7 4. e4 d6 5. Be2 0-0 6. Be3 Nbd7 7. f4 c5 8. d5 a6 9. Qc2 Ne8 10. Nf3 Nc7 11. 0-0 Nf6 12. h3 b5 13. cxb5 axb5 14. Nxb5 Nxb5 15. Bxb5 Rb8 16. Bc4 Nxe4 17. Bc1 Nf6 18. g4 Bb7 19. Qd3 Nd7 20. Rb1 Nb6 21. b3 Nxc4 22. bxc4 Ba6 23. Bd2 Qd7 24. Bc3 Bxc3 25. Qxc3 h5 26. Nh2 hxg4 27. Nxg4 Rxb1 28. Rxb1 Qa4 29. Ne3 Bc8 30. Rb2 f6 31. Kh2 Kf7 32. Kg3 Rh8 33. h4 Qd7 34. Rh2 Rh5 35. Qd3 Qa4 36. Qb3 Qa5 37. Qd1 Qb4 38. Qc2 Qe1+ 39. Qf2 Qb1 40. Qc2 Qe1+ 41. Qf2 Qb1 1/2-1/2

[Event "Hessen-ch Seniors op 12th"]
[Site "Bad Sooden-Allendorf"]
[Date "2016.05.06"]
[Round "7"]
[White "Kothe, Manfred"]
[Black "Krombach, Karl Heinz"]
[Result "1/2-1/2"]
[WhiteElo "1935"]
[BlackElo "1818"]
[PlyCount "45"]
[EventDate "2016.04.30"]
[EventType "swiss"]
[EventRounds "9"]
[EventCountry "GER"]
[SourceTitle "EXT 2019"]
[Source "ChessBase"]
[SourceDate "2018.10.10"]
[SourceVersion "1"]
[SourceVersionDate "2018.10.10"]
[SourceQuality "1"]

1. e4 c5 2. Nc3 d6 3. Nf3 a6 4. d4 cxd4 5. Nxd4 g6 6. Be3 Bg7 7. Qd2 Nc6 8. Rd1 Nxd4 9. Bxd4 Nf6 10. Be2 0-0 11. a3 Bd7 12. 0-0 Bc6 13. Qe3 b5 14. e5 dxe5 15. Bxe5 Qc8 16. Rd2 Qb7 17. f3 Rfd8 18. Rfd1 Rxd2 19. Rxd2 h5 20. Qd4 Ne8 21. Bxg7 Nxg7 22. Bd3 Qa7 23. Qf2 1/2-1/2

[Event "Hessen-ch Seniors op 12th"]
[Site "Bad Sooden-Allendorf"]
[Date "2016.05.04"]
[Round "5"]
[White "Krombach, Karl Heinz"]
[Black "Gottschalk, Juergen"]
[Result "1-0"]
[WhiteElo "1818"]
[BlackElo "1597"]
[PlyCount "95"]
[EventDate "2016.04.30"]
[EventType "swiss"]
[EventRounds "9"]
[EventCountry "GER"]
[SourceTitle "EXT 2019"]
[Source "ChessBase"]
[SourceDate "2018.10.10"]
[SourceVersion "1"]
[SourceVersionDate "2018.10.10"]
[SourceQuality "1"]

1. c4 e5 2. g3 Nf6 3. Bg2 c6 4. Nc3 d5 5. cxd5 cxd5 6. d3 Nc6 7. a3 a6 8. Bg5 Be6 9. Bxf6 gxf6 10. e3 f5 11. Nge2 Bg7 12. 0-0 Qd7 13. Na4 Rd8 14. Nc5 Qe7 15. Rc1 Bc8 16. Nxa6 0-0 17. Nc5 Bh6 18. Rc2 Rd6 19. b4 Rf6 20. f4 exf4 21. exf4 Qd6 22. d4 b6 23. Nd3 Ba6 24. Ne5 Ne7 25. Rf2 Bb5 26. Nc3 Bc4 27. Qf3 b5 28. Nxc4 dxc4 29. Nxb5 Qa6 30. Nc7 Qc6 31. Qxc6 Nxc6 32. Rxc4 Nd8 33. d5 Nb7 34. Re2 Nd6 35. Rc6 Bg7 36. b5 Rg6 37. Kf1 Rb8 38. a4 Bd4 39. Bf3 Bb6 40. Re7 Kf8 41. Rd7 Bxc7 42. Rcxc7 Rf6 43. Rc6 Ne8 44. Bh5 Rxc6 45. Rxf7+ Kg8 46. dxc6 Ng7 47. Rb7 Rxb7 48. cxb7 1-0

[Event "Hessen-ch Seniors op 12th"]
[Site "Bad Sooden-Allendorf"]
[Date "2016.05.02"]
[Round "3"]
[White "Tuertmann, Dieter"]
[Black "Krombach, Karl Heinz"]
[Result "1-0"]
[WhiteElo "1989"]
[BlackElo "1818"]
[PlyCount "167"]
[EventDate "2016.04.30"]
[EventType "swiss"]
[EventRounds "9"]
[EventCountry "GER"]
[SourceTitle "EXT 2019"]
[Source "ChessBase"]
[SourceDate "2018.10.10"]
[SourceVersion "1"]
[SourceVersionDate "2018.10.10"]
[SourceQuality "1"]

1. Nf3 g6 2. d4 Bg7 3. g3 d5 4. Bg2 Nf6 5. 0-0 0-0 6. Nbd2 c6 7. c4 Re8 8. b3 Qc7 9. Bb2 Bg4 10. Ne5 Bf5 11. f3 Nfd7 12. Nxd7 Bxd7 13. e4 dxc4 14. Nxc4 b5 15. Ne3 Qb6 16. Nc2 c5 17. Kh1 cxd4 18. Bxd4 Bxd4 19. Qxd4 Qxd4 20. Nxd4 e5 21. Nc2 a5 22. Rfd1 Be6 23. Ne3 Kg7 24. f4 f6 25. f5 Bf7 26. Bf1 b4 27. Rac1 Ra7 28. Bb5 Rf8 29. Rd6 Be8 30. Bxe8 Rxe8 31. g4 g5 32. Nd5 Rf8 33. Nc7 Kf7 34. Ne6 Re8 35. Rcd1 Ke7 36. Rb6 Rc8 37. Rd2 Nd7 38. Rb5 Rc3 39. Re2 Rc6 40. Kg2 Rc3 41. Kf2 h6 42. Rd2 Rh3 43. Ke1 h5 44. gxh5 Rxh5 45. Kd1 Rh3 46. Re2 Rd3+ 47. Kc2 Rc3+ 48. Kb2 Rh3 49. Rd5 Rf3 50. Rd1 a4 51. Red2 axb3 52. axb3 Re3 53. h4 gxh4 54. Rg2 Rg3 55. Rxg3 hxg3 56. Rg1 Ra5 57. Rxg3 Kd6 58. Rg6 Ra8 59. Rg2 Rh8 60. Rd2+ Ke7 61. Rc2 Rb8 62. Rc7 Kd6 63. Ra7 Rb6 64. Rc7 Nf8 65. Rf7 Nd7 66. Ng7 Kc7 67. Ne6+ Kd6 68. Rh7 Rb8 69. Rh2 Rg8 70. Rc2 Rb8 71. Rc4 Rb5 72. Nc7 Rc5 73. Na6 Rxc4 74. bxc4 Nc5 75. Nxc5 Kxc5 76. Kb3 Kd4 77. Kxb4 Kxe4 78. Kb5 Kd3 79. c5 e4 80. c6 e3 81. c7 e2 82. c8Q Ke3 83. Qe6+ Kf2 84. Kc5 1-0